000
00322nam a22001337a 4500
008
221110b |||||||| |||| 00| 0 eng d
082
_a
823.912 CON
100
_a
Conrad, Joseph
245
_a
Heart of Darkness
260
_a
New Delhi:
_b
Peacock books;
_c
1899
300
_a
97p :
_c
18cm
650
_a
CE Book
942
_2
ddc
999
_c
9197
_d
9198